Introduction to Guidance (Record no. 84727)

MARC details
000 -LEADER
fixed length control field 00605nam a22002297a 4500
003 - CONTROL NUMBER IDENTIFIER
control field URS
005 - DATE AND TIME OF LATEST TRANSACTION
control field 20250828100454.0
008 - FIXED-LENGTH DATA ELEMENTS--GENERAL INFORMATION
fixed length control field 250319b ||||| |||| 00| 0 eng d
020 ## - INTERNATIONAL STANDARD BOOK NUMBER
International Standard Book Number 0023417307
040 ## - CATALOGING SOURCE
Transcribing agency URS
050 ## - LIBRARY OF CONGRESS CALL NUMBER
Classification number LB1027.5
Item number .G459 1981
100 1# - MAIN ENTRY--PERSONAL NAME
9 (RLIN) 2876
Personal name Gibson, Robert L.,
Dates associated with a name 1927-
Fuller form of name (Robert Lewis),
245 ## - TITLE STATEMENT
Title Introduction to Guidance
264 ## - PRODUCTION, PUBLICATION, DISTRIBUTION, MANUFACTURE, AND COPYRIGHT NOTICE
Date of production, publication, distribution, manufacture, or copyright notice ©1981
300 ## - PHYSICAL DESCRIPTION
Extent 469 pages.,:
Dimensions 25 cm.
336 ## - CONTENT TYPE
Source rdacontent
Content type term text
337 ## - MEDIA TYPE
Source rdamedia
Media type term unmediated
338 ## - CARRIER TYPE
Source rdacarrier
Carrier type term volume
650 #0 - SUBJECT ADDED ENTRY--TOPICAL TERM
9 (RLIN) 822
Topical term or geographic name entry element Counseling
700 1# - ADDED ENTRY--PERSONAL NAME
9 (RLIN) 2877
Personal name Mitchell, Marianne,
942 ## - ADDED ENTRY ELEMENTS (KOHA)
Source of classification or shelving scheme Library of Congress Classification
Koha item type Reserved Books
Holdings
Withdrawn status Source of classification or shelving scheme Damaged status Not for loan Collection code Home library Current library Date acquired Total Checkouts Full call number Barcode Date last seen Price effective from Koha item type
  Library of Congress Classification     Non-fiction Morong Graduate Library Morong Graduate Library 03/19/2025   LB1027.5 .G459 1981 URSMOR-GL-2592 03/19/2025 03/19/2025 Reserved Books

University of Rizal System
Email us at univlibservices@urs.edu.ph

Visit our Website www.urs.edu.ph/library